Organising rural labour: Process and experiences, 2V (Record no. 168348)

MARC details
000 -LEADER
fixed length control field 00405nam a2200145Ia 4500
008 - FIXED-LENGTH DATA ELEMENTS--GENERAL INFORMATION
fixed length control field 230917s9999||||xx |||||||||||||| ||und||
040 ## - CATALOGING SOURCE
-- 233319
Original cataloging agency VIVEKANANDA LIBRARY
041 ## - Language
-- English
082 ## - DDC NUMBER
Classification number 331.10954 C394O
100 ## - MAIN ENTRY--PERSONAL NAME
Personal name Chauhan, Poonam S
245 #0 - TITLE STATEMENT
Title Organising rural labour: Process and experiences, 2V
260 ## - PUBLICATION, DISTRIBUTION, ETC. (IMPRINT)
Place of publication, distribution, etc Noida
Name of publisher, distributor, etc V V Giri National Labour Instistute
Date of publication, distribution, etc 2015
300 ## - PHYSICAL DESCRIPTION
Pages 236 p.
942 ## - ADDED ENTRY ELEMENTS (KOHA)
Koha item type Books
Holdings
Withdrawn status Lost status Damaged status Not for loan Location (home branch) Sublocation or collection (holding branch) Date acquired Koha issues (times borrowed) Koha full call number Accession No. Koha date last seen Koha item type
        VIVEKANANDA LIBRARY VIVEKANANDA LIBRARY 21/06/2016   331.10954 C394O 312480 17/09/2023 Books
        VIVEKANANDA LIBRARY VIVEKANANDA LIBRARY 21/06/2016   331.10954 C394O 312481 17/09/2023 Books
© Designed and Maintained by Vivekananda Library, MDU Rohtak